000 00433nam a22001697a 4500
005 20180319110942.0
008 160526b xxu||||| |||| 00| 0 eng d
020 _a978-81-8159-451-8
041 _aeng
082 _b5109
_a336.24
100 _aManoharan, T.N. & Hari G.R.
_91280
245 _aIncome tax, Vat & Service tax
260 _aNew Delhi
_bAcademic Faundation
300 _a957
650 _aManagement
_9241
942 _cBK
999 _c1783
_d1782